00270nam a2200109Ia 4500008004100000100001300041245002600054260004300080650001300123942000700136999001700143190216s9999||||xx |||||||||||||| ||und|| aThakazhi 0aThakazhiyude Kathakal bSahithya Pravarthaka Sahakarana Sangam aKathakal cBK c26353d26353